000 00576nam a22001937a 4500
003 CEME
005 20210628202634.0
008 210120b xxu||||| |||| 00| 0 eng d
020 _a0-12-194455-7
040 _cceme
082 _a629.836 COX
100 _aCox , Earl
_960841
245 _aThe fuzzy systems handbook ,a practioner's guide to building, using, and maintaining fuzzy systems
250 _a2ND
260 _aUSA
_bAP PROFESSIONALS
_c1999
300 _aXIVIII,716P
650 _aSYSTEM DESIGN.ADAPTIVE CONTROL SYSTEMS.FUZZY SYSTEMS
_960842
942 _cBK
_2ddc
999 _c570465
_d570465